000 00655nas a2200241 4500
001 BR9404212
003 BR-BrBNA
005 20231205093706.0
007 ta
008 230509b bl.|||p| |||| 00| 00por d
040 _aBR-BrBNA
_bpor
_cBiblioteca Nacional de Agricultura
041 _a(Pt)
072 _aF01
100 1 _aPaiva, R.
245 1 _aCerejeira, poema oriental
650 _aCereja
650 _aFloracao
650 _aFruta de Clima Temperado
650 _aSao Paulo
773 0 _tGlobo Rural (Brazil)
_xISSN 0102-6178
_g(Dec 1992), v. 8(86) p. 33-36
_wBR9404212
909 _a202311
_bLúcia
_c55
_dLúcia Elande
942 _2AGRIS
_n0
_cANA
999 _c139903
_d139903